| 000 | 07544nam a2201993Mu 4500 | ||
|---|---|---|---|
| 003 | PE-LiUPU | ||
| 005 | 20250813165340.0 | ||
| 008 | 130923s2015 pe a b 000 0 spa d | ||
| 020 | _a6123042769 | ||
| 020 | _a9786123042769 | ||
| 035 | _a(Sirsi) i9786123042769 | ||
| 040 |
_aPE-LiUPU _bspa _cPE-LiUPU _erda |
||
| 049 | _aPRUA | ||
| 082 | 0 | 4 |
_a625.72 _bC28 _220 |
| 100 | 1 |
_aCárdenas Grisales, James, _eautor |
|
| 245 | 1 | 0 |
_aDiseño geométrico de carreteras / _cJames Cárdenas Grisales. |
| 250 | _aPrimera edición. | ||
| 264 |
_aPerú : _bMacro EIRL, _c2015 |
||
| 300 |
_a493 páginas : _bilustraciones ; _c25 centímetros |
||
| 336 |
_atext _2rdacontent |
||
| 337 |
_aunmediated _2rdamedia |
||
| 338 |
_avolume _2rdacarrier |
||
| 504 | _aBibliografía en última página. | ||
| 505 | _aLas carreteras -- Generalidades -- Clasificación de las carreteras -- Concepto tridimensional de una vía -- Rutas y líneas de pendiente -- Fases del proyecto de una carretera -- Selección de rutas -- Evaluación del trazado de rutas -- Línea de pendiente o de ceros -- Problemas propuestos -- Diseño geométrico horizontal : Planta -- Curvas circular simples -- Curvas circulares compuestas -- Estabilidad en la marcha, velocidad, curvatura, peralte y transición -- Curvas espirales de transición -- Entretangencias horizontales -- Problemas propuestos -- Diseño geométrico vertical : Rasante -- Elementos geométricos que integran el alineamiento vertical -- Geometría de las curvas verticales parabólicas -- Visibilidad de carreteras -- Criterios para la determinación de las longitudes de curvas verticales -- Diseño geométrico transversal : Secciones, áreas y volúmenes -- Elementos geométricos que integran la sección transversal -- Sobre-ancho de las curvas -- Secciones transversales típicas, posición de chaflanes y estacas de ceros -- Anchos de banda y áreas de las secciones transversales -- Volúmenes de tierra: cubicación -- Movimiento de volúmenes de tierra y diagrama de masas -- Problemas propuestos. | ||
| 526 | _aP203 | ||
| 526 | _aP200 | ||
| 526 | _aSEG65 | ||
| 526 | _aSEG64 | ||
| 526 | _aSEG63 | ||
| 526 | _aSEG62 | ||
| 526 | _aSEG61 | ||
| 526 | _aSEG60 | ||
| 526 | _aSEG59 | ||
| 526 | _aSEG58 | ||
| 526 | _aSEG57 | ||
| 526 | _aSEG56 | ||
| 526 | _aSEG55 | ||
| 526 | _aSEG54 | ||
| 526 | _aSEG53 | ||
| 526 | _aSEG52 | ||
| 526 | _aSEG51 | ||
| 526 | _aSEG50 | ||
| 526 | _aSEG49 | ||
| 526 | _aSEG48 | ||
| 526 | _aSEG47 | ||
| 526 | _aSEG46 | ||
| 526 | _aSEG24 | ||
| 526 | _aSEG23 | ||
| 526 | _aSEG22 | ||
| 526 | _aSEG21 | ||
| 526 | _aSEG20 | ||
| 526 | _aSEG19 | ||
| 526 | _aSEG18 | ||
| 526 | _aSEG17 | ||
| 526 | _aSEG16 | ||
| 526 | _aSEG14 | ||
| 526 | _aSEG13 | ||
| 526 | _aSEG12 | ||
| 526 | _aSEG11 | ||
| 526 | _aSEG10 | ||
| 526 | _aSEG09 | ||
| 526 | _aSEG06 | ||
| 526 | _aSEG05 | ||
| 526 | _aSEG04 | ||
| 526 | _aSEG03 | ||
| 526 | _aSEG02 | ||
| 526 | _aSEG68 | ||
| 526 | _aSEG66 | ||
| 526 | _aSEG45 | ||
| 526 | _aSEG25 | ||
| 526 | _aSEG01 | ||
| 526 | _aP163 | ||
| 526 | _aP162 | ||
| 526 | _aP161 | ||
| 526 | _aP160 | ||
| 526 | _aP159 | ||
| 526 | _aP158 | ||
| 526 | _aP157 | ||
| 526 | _aP156 | ||
| 526 | _aP155 | ||
| 526 | _aP154 | ||
| 526 | _aP153 | ||
| 526 | _aP152 | ||
| 526 | _aP151 | ||
| 526 | _aP150 | ||
| 526 | _aP149 | ||
| 526 | _aP142 | ||
| 526 | _aP141 | ||
| 526 | _aP140 | ||
| 526 | _aP139 | ||
| 526 | _aP138 | ||
| 526 | _aP137 | ||
| 526 | _aP132 | ||
| 526 | _aP131 | ||
| 526 | _aP130 | ||
| 526 | _aP126 | ||
| 526 | _aP125 | ||
| 526 | _aP124 | ||
| 526 | _aP123 | ||
| 526 | _aP115 | ||
| 526 | _aP122 | ||
| 526 | _aP121 | ||
| 526 | _aP116 | ||
| 526 | _a P114 | ||
| 526 | _aP112 | ||
| 526 | _aP111 | ||
| 526 | _aP104 | ||
| 526 | _aP103 | ||
| 526 | _aP102 | ||
| 526 | _aP101 | ||
| 526 | _aP100 | ||
| 526 | _aP96 | ||
| 526 | _aP95 | ||
| 526 | _aP93 | ||
| 526 | _aP92 | ||
| 526 | _aP91 | ||
| 526 | _aP88 | ||
| 526 | _aP83 | ||
| 526 | _aP82 | ||
| 526 | _aP79 | ||
| 526 | _aP78 | ||
| 526 | _aP75 | ||
| 526 | _aP74 | ||
| 526 | _aP71 | ||
| 526 | _aP69 | ||
| 526 | _a P51 | ||
| 526 | _aP49 | ||
| 526 | _aP48 | ||
| 526 | _aP47 | ||
| 526 | _aP33 | ||
| 526 | _aP31 | ||
| 526 | _a P30 | ||
| 526 | _aP29 | ||
| 526 | _aP27 | ||
| 526 | _aP26 | ||
| 526 | _aP25 | ||
| 526 | _aP24 | ||
| 526 | _a P22 | ||
| 526 | _aP10 | ||
| 526 | _aP09 | ||
| 526 | _a P08 | ||
| 526 | _aP06 | ||
| 526 | _aP05 | ||
| 526 | _aP04 | ||
| 526 | _aP01 | ||
| 541 | _g044-0022970; | ||
| 541 | _g002-00000768; | ||
| 650 | 4 |
_aCarreteras _xDiseño y construcción. |
|
| 650 | 4 | _aConstrucción de carreteras. | |
| 650 | 4 | _aTrazado de carreteras. | |
| 910 |
_adbm _bncf _cncf _d20181218 |
||
| 942 |
_2ddc _cBOOK |
||
| 949 |
_a625.72 C28 _wDEWEY _c1 _i73283 _d2016-11-7 _e2016-11-7 _lCCODEBUL1 _mBUL _n5 _p65.35 _r0 _sY _tBOOK _u2016-5-18 _xINGENIERIA _PP25 _0COMPRA _o.STAFF. Colección General |
||
| 949 |
_a625.72 C28 2015 _wDEWEY _c1 _iFJ01733 _d2016-11-18 _e2016-11-16 _lCCODEBUJ1 _mBUJ _n1 _p65.35 _r0 _sY _tBOOK _u2016-9-2 _xINGENIERIA _PP25 _0COMPRA _o.STAFF. Colección General Juliaca |
||
| 949 |
_a625.72 C28 _wDEWEY _c1 _iFJ07193 _d2016-11-18 _e2016-11-16 _lCCODEBUJ1 _mBUJ _n1 _p65.35 _r0 _sY _tBOOK _u2016-9-2 _xINGENIERIA _PP25 _0COMPRA _o.STAFF. Colección General Juliaca |
||
| 949 |
_a625.72 C28 _wDEWEY _c2 _i73284 _d2016-9-26 _e2016-9-21 _lCCODEBUL1 _mBUL _n4 _p65.35 _r0 _sY _tBOOK _u2016-5-18 _xINGENIERIA _PP25 _0COMPRA _o.STAFF. Colección General |
||
| 949 |
_a625.72 C28 _wDEWEY _c3 _i73285 _d2016-8-22 _e2016-8-19 _lCCODEBUL1 _mBUL _n3 _p65.35 _r0 _sY _tBOOK _u2016-5-18 _xINGENIERIA _PP25 _0COMPRA _o.STAFF. Colección General |
||
| 994 |
_aC0 _bPEPRU |
||
| 596 | _a1 3 | ||
| 999 |
_a625.72 C28 _wDEWEY _c9385 _i73283 _d9385 _e2017-8-17 _f2021-11-9 _g8 _lCCODEBUL1 _mBUL _n6 _p65.35 _r0 _sY _tBOOK _u2016-5-18 _xINGENIERIA _PP25 _0COMPRA _o.STAFF. Colección General |
||
| 999 |
_a625.72 C28 _wDEWEY _c2 _i73284 _d2017-8-28 _e2017-8-23 _f2021-11-9 _g7 _lCCODEBUL1 _mBUL _n6 _p65.35 _r0 _sY _tBOOK _u2016-5-18 _xINGENIERIA _PP25 _0COMPRA _o.STAFF. Colección General |
||
| 999 |
_a625.72 C28 _wDEWEY _c3 _i73285 _d2018-5-28 _e2017-8-10 _f2021-11-9 _g7 _lCCODEBUL1 _mBUL _n4 _p65.35 _q2 _r0 _sY _tBOOK _u2016-5-18 _xINGENIERIA _PP25 _0COMPRA _o.STAFF. Colección General |
||
| 999 |
_a625.72 C28 _wDEWEY _c4 _i79526 _f2021-11-9 _g4 _lCCODEBUL1 _mBUL _p17.97 _r0 _sY _tBOOK _u2018-12-18 _xINGENIERIA _PP25 _0COMPRA _1FCOMPR2 _o.STAFF. Colección Ingeniería y Arquitectura |
||
| 999 |
_a625.72 C28 _wDEWEY _c5 _i79527 _f2021-11-9 _g4 _lCCODEBUL1 _mBUL _p17.97 _r0 _sY _tBOOK _u2018-12-18 _xINGENIERIA _PP25 _0COMPRA _1FCOMPR2 _o.STAFF. Colección Ingeniería y Arquitectura |
||
| 999 |
_a625.72 C28 _wDEWEY _c1 _iFJ01733 _d2018-6-25 _e2018-6-20 _f2022-1-26 _g4 _lCCODEBUJ1 _mBUJ _n10 _p65.35 _q4 _r0 _sY _tBOOK _u2016-9-2 _xINGENIERIA _PP25 _0COMPRA _o.STAFF. Colección General Juliaca |
||
| 999 |
_a625.72 C28 _wDEWEY _c2 _iFJ07193 _d2018-6-15 _e2018-6-13 _f2022-1-26 _g4 _lCCODEBUJ1 _mBUJ _n9 _p65.35 _q1 _r0 _sY _tBOOK _u2017-2-27 _xINGENIERIA _PP25 _0COMPRA _o.STAFF. Colección General Juliaca |
||
| 999 |
_a625.72 C28 2015 _wDEWEY _c1 _iFJ06762 _d2019-10-28 _e2019-10-16 _f2022-1-26 _g4 _lCCODEBUJ1 _mBUJ _n34 _p21.34 _q14 _r0 _sY _tBOOK _u2017-2-13 _xINGENIERIA _PP25 _0COMPRA _o.STAFF. Colección General Juliaca |
||
| 980 |
_81 _gALBERTO SANCHEZ Responsable de Automatización |
||